LEADER 01208cam0-22003611i-450- 001 990001619890403321 005 20061025114410.0 035 $a000161989 035 $aFED01000161989 035 $a(Aleph)000161989FED01 035 $a000161989 100 $a20030910d1867----km-y0itay50------ba 101 0 $afre 102 $aFR 105 $ay-------001yy 200 1 $aTraité des matières colorantes$ecomprenant leurs applications à la teinture et à l'impression et des noticessur les fibres textiles, les épaississants et les mordants$fP. Schutzenberger$gpublié sous les auspices de la Société industrielle de Mulhouse et avec le concours de son comité de chimie 210 $aParis$cV. Masson$d1867 215 $a2 v.$d22 cm 610 0 $aChimica organica 610 0 $aColoranti 676 $a547 676 $a667 700 1$aSchutzenberger,$bPaul$014981 801 0$aIT$bUNINA$gRICA$2UNIMARC 901 $aBK 912 $a990001619890403321 952 $a60 547 B 20$b6004/05$fFAGBC 952 $a13 AR 19 B 10$b4423$fFINBC 952 $a13 AR 19 B 11$b4424$fFINBC 959 $aFAGBC 959 $aFINBC 996 $aTraité des matières colorantes$9369855 997 $aUNINA LEADER 02426nam 22005773a 450 001 9910157859903321 005 20250204000118.0 024 7 $a10.26530/OAPEN_621710 035 $a(CKB)3710000001006903 035 $a(OAPEN)621710 035 $a(oapen)https://directory.doabooks.org/handle/20.500.12854/36364 035 $a(ScCtBLL)f5dd43ce-03a9-4038-a35e-89c183b8e830 035 $a(OCoLC)982244803 035 $a(oapen)doab36364 035 $a(EXLCZ)993710000001006903 100 $a20250204i20162020 uu 101 0 $ager 135 $aurmu#---auuuu 181 $ctxt$2rdacontent 182 $cc$2rdamedia 183 $acr$2rdacarrier 200 00$aTeilnehmerkreis der Basler Lesegesellschaft 1825-1915. Eine Kollektivbiographie im sozialen und politischen Kontext der Basler Geschichte des 19. Jahrhunderts$fDaniel Kriemler 210 $aBasel/Hochwald$cLIBRUM Publishers & Editors LLC$d2016 210 1$aBasel/Hochwald :$cLIBRUM Publishers & Editors LLC,$d2016. 215 $a1 online resource (298 pages) 311 08$a9783952454282 311 08$a3952454281 330 $aThe members of the 19th century Basel Reading Society belonged to the socio-cultural bourgeoisie. This study is a biography of this group of members of civil society: its transformation is observed and interpreted against the backdrop of the club history of the Reading Society and within the local historical context. The collective body is analysed and portrayed with respect to both the imposed statutory framework, quantitative development, social, political and historical economic factors, and also to individual biographical data. 606 $aSociology$2bicssc 610 $asociology 610 $aassociation history 610 $abürgertum 610 $alesegesellschaft 610 $asoziologie 610 $asozialgeschichte 610 $abasle 610 $abasel 610 $avereinsgeschichte 610 $asocial history 610 $abourgeoisie 610 $aBasel 610 $aBürgertum 610 $aLesegesellschaft 615 7$aSociology 700 $aKriemler$b Daniel$0864651 801 0$bScCtBLL 801 1$bScCtBLL 906 $aBOOK 912 $a9910157859903321 996 $aTeilnehmerkreis der Basler Lesegesellschaft 1825-1915. Eine Kollektivbiographie im sozialen und politischen Kontext der Basler Geschichte des 19. Jahrhunderts$94321753 997 $aUNINA